000 00748nam a2200217Ii 4500
003 JO-AjNU
008 230605s9999||||xx |||||||||||||| ||und||
040 _aJO-AjNU
_bara
_erda
_cJO-AjNU
041 _aara
050 1 4 _aDS37.5.K4264.F3764 1988
100 3 _aفوزي، فاروق عمر,
_eauthor
_98896
245 0 0 _aخليفة بن خياط مؤرخا 240هجري/854م
250 _aط1
264 3 1 _aبغداد: دار الشؤون الثقاففية العامة، 1988
300 _a99ص
336 _atext
_btxt
_2rdacontent
337 _aunmediated
_bn
_2rdamedia
338 _avolume
_bnc
_2rdacarrier
490 0 _aسلسلة نوابغ الفكر العربي
650 4 _aمؤرخون عرب - خليفة بن خياط 240ه
_98897
999 _aA1022
_c4590
_d4590